| 000 -LEADER |
| fixed length control field |
00693nam a22001937a 4500 |
| 005 - DATE AND TIME OF LATEST TRANSACTION |
| control field |
20240307140713.0 |
| 008 - FIXED-LENGTH DATA ELEMENTS--GENERAL INFORMATION |
| fixed length control field |
240307s2008 ru ||||| |||| 00| 0 rus d |
| 020 ## - INTERNATIONAL STANDARD BOOK NUMBER |
| International Standard Book Number |
9785366003278 |
| 041 ## - LANGUAGE CODE |
| Language code of text/sound track or separate title |
rus |
| 080 ## - UNIVERSAL DECIMAL CLASSIFICATION NUMBER |
| Universal Decimal Classification number |
94(358) Б-24 |
| 100 ## - MAIN ENTRY--PERSONAL NAME |
| Personal name |
Бардески, К. Д. |
| 9 (RLIN) |
21365 |
| 245 ## - TITLE STATEMENT |
| Title |
Месопотамия: |
| Remainder of title |
Колыбель человечества / |
| Statement of responsibility, etc. |
К. Д. Бардески. |
| 264 ## - PRODUCTION, PUBLICATION, DISTRIBUTION, MANUFACTURE, AND COPYRIGHT NOTICE |
| Place of production, publication, distribution, manufacture |
Москва : |
| Name of producer, publisher, distributor, manufacturer |
Ниола-Пресс, |
| Date of production, publication, distribution, manufacture, or copyright notice |
2008. |
| 300 ## - PHYSICAL DESCRIPTION |
| Extent |
127 с. |
| Other physical details |
илл.; |
| Dimensions |
19 см. |
| 440 ## - SERIES STATEMENT/ADDED ENTRY--TITLE |
| Title |
Таины истории |
| 9 (RLIN) |
21366 |
| 653 ## - INDEX TERM--UNCONTROLLED |
| keyword |
მესოპოტამია |
| 653 ## - INDEX TERM--UNCONTROLLED |
| keyword |
კაცობრიობის აკვანი |
| 942 ## - ADDED ENTRY ELEMENTS (KOHA) |
| Source of classification or shelving scheme |
|
| Koha item type |
წიგნი |